| 000 | 00391nam a2200169Ia 4500 | ||
|---|---|---|---|
| 008 | 210210b1927 xxu||||| |||| 00| 0 eng d | ||
| 041 | _aeng | ||
| 082 | _a825/710 | ||
| 100 | _aRALEIGH (W) | ||
| 245 | _aWriting and writers | ||
| 260 |
_aLondon _bEdward Arnold & Co _c1927 |
||
| 650 | _aWriting | ||
| 650 | _awriters | ||
| 650 | _aand | ||
| 690 | _aEnglish Criticism | ||
| 906 | _a015026 | ||
| 999 |
_c134267 _d134267 |
||